| 000 | 00637nam a2200217Ia 4500 | ||
|---|---|---|---|
| 003 | OSt | ||
| 005 | 20230607102156.0 | ||
| 008 | 210423s2003 xx 000 0 und d | ||
| 040 | _cAL | ||
| 041 | _aeng | ||
| 082 |
_a361.3072 ALSR _223 |
||
| 100 |
_aALSTON (Margarit);BOWLES (Wendy) _9121169 |
||
| 245 | _aResearch for social workers: an introduction to methods Ed 2 | ||
| 250 | _a2 | ||
| 260 |
_bRawat Publications _c2003 |
||
| 365 |
_b750 _cINR |
||
| 650 |
_aSocial Problems & Services _9121170 |
||
| 650 |
_aSocial Work _9121171 |
||
| 906 | _aan ; Ed ; introduction ; methods ; Research ; social ; workers: | ||
| 942 |
_2ddc _cBK |
||
| 999 |
_c173841 _d173841 |
||